|
|
|
|
| LEADER |
00000nam a2200000 a 4500 |
| 001 |
vtls001345344 |
| 003 |
SK-MaSNL |
| 005 |
20260301200718.0 |
| 008 |
251113s1990 xr 0 cze |
| 035 |
|
|
|a SNK000298567
|
| 040 |
|
|
|a SNK
|b slo
|c SNK
|e AACR2
|
| 041 |
0 |
|
|a cze
|
| 044 |
|
|
|a CZ
|
| 080 |
|
|
|a 087.5
|2 1981
|
| 100 |
1 |
|
|a Pávková, Bohdana
|4 aut
|9 580267
|
| 245 |
1 |
0 |
|a Řehoři, řekni Ř
|b logopedická pomůcka pro cvičení artikulační obratnosti
|c Bohdana Pávková ; il. Irena Velková
|
| 260 |
|
|
|a Praha
|b Albatros
|c 1990
|
| 300 |
|
|
|a [16] s.
|c 8°
|
| 490 |
1 |
|
|a Omalovánky
|
| 650 |
0 |
7 |
|a maľovanky
|2 SNK
|9 60443
|
| 700 |
1 |
|
|a Velková, Irena
|4 ilu
|9 580268
|
| 830 |
|
0 |
|a Omalovánky
|9 307340
|
| 958 |
|
|
|a RK
|
| 958 |
|
|
|a OND
|
| 999 |
|
|
|c 891755
|d 893685
|
| 952 |
|
|
|t P60, <04>, [BOOK], {604}
|a SNK
|b SNK
|y VYP
|7 0
|p 17A0081872
|o snkIC 115681
|i snkKIP 8293/90
|0 0
|1 0
|4 0
|d 1998-10-15
|l 0
|r 2005-01-02 00:00:00
|w 2026-02-24
|